ბათუმის შოთა რუსთაველის სახელმწიფო უნივერსიტეტის ბიბლიოთეკა

Русская проза о Грузии ХХ век I половина (ბიბ.ჩანაწერი № 34964)

000 -LEADER
fixed length control field 00684nam a2200241Ia 4500
001 - CONTROL NUMBER
control field 795
003 - CONTROL NUMBER IDENTIFIER
control field GE_BSU
008 - FIXED-LENGTH DATA ELEMENTS--GENERAL INFORMATION
fixed length control field 181216s||||||||xx |||||||||||||| ||und||
020 ## - INTERNATIONAL STANDARD BOOK NUMBER
International Standard Book Number 999287984Х
040 ## - CATALOGING SOURCE
Transcribing agency GE_BSU
080 ## - UNIVERSAL DECIMAL CLASSIFICATION NUMBER
Universal Decimal Classification number 821.161.1.09+821.353.1.09
100 ## - MAIN ENTRY--PERSONAL NAME
Personal name Адеишвили,Ия
245 ## - TITLE STATEMENT
Title Русская проза о Грузии ХХ век I половина
245 ## - TITLE STATEMENT
Statement of responsibility, etc. ред.Д.А.Тухарели
260 ## - PUBLICATION, DISTRIBUTION, ETC.
Place of publication, distribution, etc. Кутаиси
260 ## - PUBLICATION, DISTRIBUTION, ETC.
Name of publisher, distributor, etc. Изд-во кутайсского гос. ун-та
260 ## - PUBLICATION, DISTRIBUTION, ETC.
Date of publication, distribution, etc. 2000
300 ## - PHYSICAL DESCRIPTION
Extent 219стр.
653 ## - INDEX TERM--UNCONTROLLED
Uncontrolled term Проза
653 ## - INDEX TERM--UNCONTROLLED
Uncontrolled term Русская проза о Грузии
942 ## - ADDED ENTRY ELEMENTS (KOHA)
Koha item type წიგნი
ეგზემპლარები
Withdrawn status Lost status Damaged status Not for loan Date acquired Barcode Date last seen Price effective from Koha item type
        2018-12-17 1726 2018-12-17 2018-12-17 წიგნი